[Event "H14"]
[Site "Kouty nad Desnou"]
[Date "2018.03.18"]
[Round "9.10"]
[White "Ret, Adam Josef"]
[Black "Husa, Daniel"]
[Result "1-0"]
[BlackElo "1627"]
[WhiteElo "1840"]
[LiveChessVersion "1.4.8"]

1. d4 {[%clk 1:30:59]} Nf6 {[%clk 1:29:17]} 2. c4 {[%clk 1:31:13]} g6
{[%clk 1:29:45]} 3. Nc3 d5 {[%clk 1:29:57]} 4. e3 {[%clk 1:31:55]} Bg7
{[%clk 1:29:05]} 5. Nf3 {[%clk 1:32:14]} O-O {[%clk 1:27:28]} 6. Be2
{[%clk 1:32:13]} dxc4 {[%clk 1:18:31]} 7. Bxc4 {[%clk 1:32:31]} c5
{[%clk 1:16:56]} 8. O-O {[%clk 1:27:36]} Bg4 {[%clk 1:10:41]} 9. Be2
{[%clk 1:19:09]} cxd4 {[%clk 1:00:52]} 10. exd4 {[%clk 1:18:12]} Nd5
{[%clk 0:51:08]} 11. h3 {[%clk 1:17:16]} Bf5 {[%clk 0:43:56]} 12. Qb3
{[%clk 1:12:45]} Nxc3 {[%clk 0:37:18]} 13. bxc3 {[%clk 1:12:55]} Qc7
{[%clk 0:36:11]} 14. Be3 {[%clk 1:12:35]} Nc6 {[%clk 0:29:22]} 15. Rac1
{[%clk 1:10:49]} Rac8 {[%clk 0:26:14]} 16. c4 {[%clk 1:06:46]} Na5
{[%clk 0:23:14]} 17. Qb4 {[%clk 1:04:55]} Nc6 {[%clk 0:21:47]} 18. Qa3
{[%clk 1:02:59]} Qa5 {[%clk 0:21:15]} 19. Qxa5 {[%clk 1:01:05]} Nxa5
{[%clk 0:19:44]} 20. Rfd1 {[%clk 0:59:11]} b6 {[%clk 0:16:48]} 21. Bd2
{[%clk 0:52:00]} Nb7 {[%clk 0:15:22]} 22. Bf4 {[%clk 0:50:21]} Rfd8
{[%clk 0:14:17]} 23. Ne5 {[%clk 0:39:37]} f6 {[%clk 0:13:09]} 24. Nf3
{[%clk 0:39:31]} Be6 {[%clk 0:11:56]} 25. d5 {[%clk 0:37:29]} Bf7
{[%clk 0:12:05]} 26. Nd4 {[%clk 0:37:28]} Rd7 {[%clk 0:08:46]} 27. Nc6
{[%clk 0:34:15]} Nd8 {[%clk 0:08:36]} 28. Bf3 {[%clk 0:32:08]} Be8
{[%clk 0:07:08]} 29. Nb8 {[%clk 0:29:54]} Rb7 {[%clk 0:06:53]} 30. d6
{[%clk 0:28:23]} Rcxb8 {[%clk 0:06:14]} 31. dxe7 {[%clk 0:27:50]} Nf7
{[%clk 0:05:59]} 32. Bxb8 {[%clk 0:23:56]} Rxb8 {[%clk 0:06:28]} 33. Rd3
{[%clk 0:23:39]} f5 {[%clk 0:05:25]} 34. Re1 {[%clk 0:18:47]} Bf6
{[%clk 0:05:13]} 35. Bd5 {[%clk 0:15:05]} Kg7 {[%clk 0:04:52]} 36. Ra3
{[%clk 0:11:06]} a5 {[%clk 0:04:44]} 37. Rb3 {[%clk 0:10:20]} Ne5
{[%clk 0:03:34]} 38. c5 {[%clk 0:08:39]} b5 {[%clk 0:03:45]} 39. Rbe3
{[%clk 0:07:04]} Nf7 {[%clk 0:02:10]} 40. c6 {[%clk 0:06:19]} Rc8
{[%clk 0:01:42]} 41. a3 {[%clk 0:27:16]} Ne5 {[%clk 0:22:44]} 42. Rxe5
{[%clk 0:26:10]} Bxe5 {[%clk 0:22:00]} 43. Rxe5 {[%clk 0:26:38]} Kf6
{[%clk 0:21:43]} 44. Re6+ {[%clk 0:26:37]} Kf7 {[%clk 0:20:35]} 45. c7
{[%clk 0:23:20]} Bd7 {[%clk 0:18:27]} 46. Re1+ {[%clk 0:22:24]} Ke8
{[%clk 0:17:30]} 47. Rc1 {[%clk 0:22:31]} Kxe7 {[%clk 0:15:51]} 48. Bb7
{[%clk 0:22:53]} Rf8 {[%clk 0:14:19]} 49. c8=Q {[%clk 0:23:07]} Bxc8
{[%clk 0:14:37]} 50. Rxc8 {[%clk 0:22:35]} Rf6 {[%clk 0:14:00]} 51. Rc7+
{[%clk 0:21:49]} Kd8 {[%clk 0:13:58]} 52. Rxh7 {[%clk 0:21:37]} Rb6
{[%clk 0:14:00]} 53. Rg7 {[%clk 0:21:07]} b4 {[%clk 0:14:01]} 54. axb4
{[%clk 0:20:40]} axb4 {[%clk 0:13:35]} 55. Bd5 {[%clk 0:21:02]} Rd6
{[%clk 0:12:33]} 56. Bf7 {[%clk 0:20:10]} Ke7 {[%clk 0:09:06]} 57. Bxg6+
{[%clk 0:19:08]} Kf6 {[%clk 0:08:52]} 58. Rb7 {[%clk 0:19:08]} Kxg6
{[%clk 0:08:26]} 59. Rxb4 {[%clk 0:19:30]} Rd1+ {[%clk 0:08:16]} 60. Kh2
{[%clk 0:19:55]} Kh5 {[%clk 0:07:48]} 61. Kg3 {[%clk 0:19:34]} Kg5
{[%clk 0:07:33]} 62. h4+ {[%clk 0:18:19]} Kh5 {[%clk 0:07:46]} 63. Rb5
{[%clk 0:17:53]} Rd3+ {[%clk 0:08:05]} 64. f3 {[%clk 0:17:59]} Kg6
{[%clk 0:07:56]} 65. Rb6+ {[%clk 0:16:30]} Kh5 {[%clk 0:07:59]} 66. Kf4
{[%clk 0:15:07]} Rd4+ {[%clk 0:08:15]} 67. Kxf5 {[%clk 0:14:41]} Kxh4
{[%clk 0:08:28]} 68. Rg6 {[%clk 0:13:42]} Rd5+ {[%clk 0:08:26]} 69. Ke4
{[%clk 0:13:35]} Ra5 {[%clk 0:08:47]} 70. g3+ {[%clk 0:11:23]} Kh5
{[%clk 0:09:04]} 71. Rd6 {[%clk 0:11:36]} Ra4+ {[%clk 0:09:13]} 72. Rd4
{[%clk 0:11:53]} 1-0

[Event "H14"]
[Site "Kouty nad Desnou"]
[Date "2018.03.18"]
[Round "9.11"]
[White "Blaha, Marek"]
[Black "Vokoun, Tomas"]
[Result "1/2-1/2"]
[BlackElo "1535"]
[WhiteElo "1777"]
[LiveChessVersion "1.4.8"]

1. e4 {[%clk 1:30:38]} c5 {[%clk 1:30:55]} 2. Nf3 {[%clk 1:31:01]} e6
{[%clk 1:31:20]} 3. d4 {[%clk 1:31:24]} cxd4 {[%clk 1:32:10]} 4. Nxd4 Nf6 5. Nc3
{[%clk 1:32:03]} d6 {[%clk 1:32:36]} 6. Be3 {[%clk 1:32:39]} Be7 {[%clk 1:33:12]}
7. Be2 {[%clk 1:32:39]} O-O {[%clk 1:33:12]} 8. O-O {[%clk 1:33:04]} a6
{[%clk 1:33:38]} 9. a3 {[%clk 1:32:53]} b5 {[%clk 1:33:54]} 10. Qe1
{[%clk 1:33:18]} Bb7 {[%clk 1:34:21]} 11. f3 {[%clk 1:33:25]} Nbd7
{[%clk 1:33:04]} 12. Qf2 {[%clk 1:33:32]} Qc7 {[%clk 1:32:33]} 13. Nb3
{[%clk 1:32:27]} Rac8 14. Rfd1 {[%clk 1:30:59]} Rfe8 {[%clk 1:31:03]} 15. Rd2
{[%clk 1:28:52]} d5 16. exd5 {[%clk 1:26:03]} exd5 {[%clk 1:30:58]} 17. Bd4
{[%clk 1:21:39]} Bd6 {[%clk 1:29:11]} 18. g3 {[%clk 1:17:49]} Ba8
{[%clk 1:09:11]} 19. Re1 {[%clk 1:17:49]} Ne5 {[%clk 1:07:07]} 20. Nc1
{[%clk 0:44:47]} Nc4 {[%clk 0:59:50]} 21. Bxc4 {[%clk 0:43:30]} dxc4
{[%clk 1:00:06]} 22. Rde2 {[%clk 0:42:32]} Rxe2 {[%clk 0:50:25]} 23. Rxe2
{[%clk 0:41:24]} Qc6 {[%clk 0:46:46]} 24. Ne4 {[%clk 0:33:33]} Nxe4
{[%clk 0:46:08]} 25. Rxe4 {[%clk 0:22:33]} f5 {[%clk 0:35:38]} 26. Re3 f4
{[%clk 0:29:51]} 27. gxf4 {[%clk 0:03:10]} Bxf4 {[%clk 0:29:44]} 28. Re7
{[%clk 0:02:29]} Rc7 {[%clk 0:09:07]} 29. Rxc7 Qg6+ 30. Qg2 {[%clk 0:01:05]}
Qxg2+ {[%clk 0:09:30]} 31. Kxg2 {[%clk 0:01:56]} Bxc7 {[%clk 0:09:48]} 32. Ne2
{[%clk 0:01:59]} Kf7 33. Ng3 1/2-1/2

[Event "H14"]
[Site "Kouty nad Desnou"]
[Date "2018.03.18"]
[Round "9.12"]
[White "Nguyen, Thai Dai Vinh"]
[Black "Nezval, Filip"]
[Result "1/2-1/2"]
[BlackElo "1732"]
[WhiteElo "1902"]
[LiveChessVersion "1.4.8"]

1. e4 {[%clk 1:30:58]} c6 {[%clk 1:30:55]} 2. d4 {[%clk 1:31:26]} d5
{[%clk 1:31:22]} 3. Nd2 {[%clk 1:31:55]} dxe4 {[%clk 1:31:44]} 4. Nxe4
{[%clk 1:32:21]} Nd7 {[%clk 1:32:04]} 5. Nf3 {[%clk 1:32:22]} Ndf6
{[%clk 1:32:14]} 6. Nxf6+ {[%clk 1:31:45]} Nxf6 {[%clk 1:32:33]} 7. Bd3
{[%clk 1:30:20]} Bg4 {[%clk 1:29:52]} 8. c3 {[%clk 1:28:53]} Qc7 {[%clk 1:22:55]}
9. h3 {[%clk 1:28:18]} Bh5 {[%clk 1:22:51]} 10. O-O {[%clk 1:27:53]} e6
{[%clk 1:22:28]} 11. Re1 {[%clk 1:23:15]} Bd6 {[%clk 1:16:19]} 12. Bg5
{[%clk 1:15:20]} Nd7 {[%clk 1:02:27]} 13. Be4 {[%clk 1:08:05]} O-O
{[%clk 1:01:08]} 14. Qc2 {[%clk 1:03:30]} Bg6 {[%clk 1:00:29]} 15. Rad1
{[%clk 0:59:26]} Rfe8 {[%clk 0:51:45]} 16. Bxg6 {[%clk 0:51:53]} hxg6
{[%clk 0:51:38]} 17. Qe4 {[%clk 0:43:01]} Nf8 {[%clk 0:39:22]} 18. c4
{[%clk 0:32:52]} Nh7 {[%clk 0:21:00]} 19. Bc1 {[%clk 0:21:30]} Nf6
{[%clk 0:19:29]} 20. Qe2 {[%clk 0:20:38]} Bf4 {[%clk 0:17:26]} 21. Ne5
{[%clk 0:17:47]} Bxc1 {[%clk 0:17:09]} 22. Rxc1 Rad8 {[%clk 0:17:00]} 23. Rcd1
{[%clk 0:17:39]} Nd7 {[%clk 0:14:45]} 24. Nxd7 {[%clk 0:15:34]} Rxd7
{[%clk 0:13:21]} 25. d5 {[%clk 0:13:53]} cxd5 {[%clk 0:11:09]} 26. cxd5
{[%clk 0:14:18]} Qd8 {[%clk 0:08:51]} 27. Qe5 {[%clk 0:10:50]} Rd6
{[%clk 0:05:25]} 28. Qe3 {[%clk 0:04:59]} Rxd5 {[%clk 0:01:40]} 29. Rxd5
{[%clk 0:05:20]} Qxd5 {[%clk 0:02:08]} 30. Qxa7 {[%clk 0:04:59]} Qd2
{[%clk 0:01:41]} 31. Re3 {[%clk 0:04:07]} Qc1+ {[%clk 0:01:08]} 32. Kh2
{[%clk 0:04:35]} Qxb2 {[%clk 0:00:56]} 33. Rb3 {[%clk 0:04:54]} Qe5+
{[%clk 0:01:18]} 34. g3 {[%clk 0:04:30]} b5 {[%clk 0:00:31]} 35. Qd7
{[%clk 0:03:44]} Rb8 {[%clk 0:00:39]} 36. Rf3 {[%clk 0:04:01]} f6
{[%clk 0:00:40]} 37. Re3 {[%clk 0:03:52]} Qd5 {[%clk 0:00:57]} 38. Qxe6+
{[%clk 0:04:05]} Qxe6 {[%clk 0:01:26]} 39. Rxe6 {[%clk 0:04:34]} Ra8
{[%clk 0:01:23]} 40. Re2 {[%clk 0:04:44]} Ra4 {[%clk 0:00:41]} 41. Rb2
{[%clk 0:05:01]} b4 {[%clk 0:17:44]} 42. Kg2 {[%clk 0:35:53]} Kf7
{[%clk 0:17:00]} 43. Re2 {[%clk 0:34:42]} Ra3 {[%clk 0:16:46]} 1/2-1/2